000 00479cam a2200193 4500
001 D8268
008 1976
035 _a(Sirsi) u12106
041 _aeng
050 _a025.4669
100 _aRoberts, Michael J
245 _aConstruction industry thesauras, compiled at the CIT Agency
250 _a2nd
260 _aLondon
_bProperty Services Agency
_c1976
300 _a419p. 30cm
350 _a25
942 _n0
948 _c04/03/1997
999 _c86950
_d86950